000 00524nam a2200205Ia 4500
005 20250505124917.0
008 008 250505s9999 xx 000 0 eng d
037 _aTextbook
040 _aLCO
_beng
_cLCO
041 _aeng
_2eng
084 _aZ:f R3
_qLCO
100 _aSinha, Manoj kumar
245 0 _aLegal research
_c Manoj kumar Sinha
260 _aHaryana, India
_bLexisNexis
_c2023
300 _a460
365 _aINR
_b750
650 _aLaw
942 _cTB
_hZ:f R3
999 _c1310630
_d1310630